| 000 | 00580nam a2200157Ia 4500 | ||
|---|---|---|---|
| 008 | 160316s1967 xxu||||| |||| 00| 0 eng d | ||
| 082 |
_a347.090000 _bEXP |
||
| 100 | _a | ||
| 245 | _aExplanatory report on the European convention providing a uniform law on arbitration | ||
| 250 | _a | ||
| 260 |
_aStrasbourg _bCouncil of Europe _c1967 |
||
| 300 |
_a52p _b _c |
||
| 365 | _b | ||
| 650 | _a1.Arbitration - Uniform Law - Conventions - European Countries - An Explanatory Report 2.Uniform Law - Arbitration - Conventions - European Countries - An Explanatory Report | ||
| 700 |
_a _a |
||
| 999 |
_c17265 _d17265 |
||